000 004630000a22001810004500
003 MACL
005 20150804135011.0
008 150804b xxu||||| |||| 00| 0 eng d
040 _aMACL
_cMACL
041 _aEnglish
082 _a370/ARY
100 _aAra, Begum Rowshan
_94588
245 _aHistory of Muslim Education in Bengal 1780-1882
260 _bRaktakarabee
_c2008
_aKolkata
350 _a200
650 _aEducation
_94589
942 _cBK
_k370/ARA
_2ddc
999 _c42711
_d42711